Diccionarios de textos sociales pontificios

Bewaard in:
Bibliografische gegevens
Hoofdauteur: Torres Calvo, Angel (Auteur)
Formaat: Boek
Taal:Spaans
Gepubliceerd in: Madrid Compañía Bibliográfica Española 1956
Onderwerpen:
Tags: Voeg label toe
Geen labels, Wees de eerste die dit record labelt!

MARC

LEADER 00000nam a2200000 a 4500
001 UCZ3469
003 CL-VaPUC
008 951020e19560000SP |||||||||||||||||spa|d
082 0 4 |a 261.03  |b TOR  |2 21 
100 0 |a Torres Calvo, Angel  |e author  |9 347231 
245 1 0 |a Diccionarios de textos sociales pontificios 
300 |a 1172 p 
942 |c BK 
945 |d 19951020 00:00:00  |a aalvarez 
260 |a Madrid  |b Compañía Bibliográfica Española  |c 1956 
650 0 |a Documentos pontificios   |9 255642 
650 0 |a Doctrina social de la iglesia  |9 257333 
650 0 |a Diccionarios  |9 256200 
650 0 |a Español  |9 255372 
583 |a last modification  |c 19951020 00:00:00  |k Rodrigo Vera 
999 |c 239941  |d 239939 
952 |0 0  |1 0  |4 0  |6 261_030000000000000_TOR_1956  |7 0  |8 F  |9 251488  |a BIBTEO  |b BIBTEO  |d 2019-11-18  |i 2020386  |o 261.03 TOR 1956  |p 2020386  |r 2025-01-17  |w 2019-11-18  |y BK_F  |k ICR